00734nam a2200241 a 450000100060000000300080000600500170001400800410003103500190007204000260009104100080011708200250012510000460015024500520019625000120024826000510026030000330031149000380034450000200038265000250040270000270042783000380045469556BD-RjUL20211209081913.0170412s1952 onc b 001 0 eng d a(BD-RjUL)69768 aBD-RjULbengcBD-RjUL aeng 223a515.63bSYT 19521 aSynge, J. L.q(John Lighton),d1897-1995.10aTensor calculus /cby J.L. Synge and A. Schild. a2nd ed. aToronto :bUniversity of Toronto Press,c1952. axi, 324 p. :bill. ;c22 cm.1 aMathematical expositions ;vno. 5 aIncludes index. 0aCalculus of tensors.1 aSchild, Alfred,d1921- 0aMathematical expositions ;vno. 5